000 00629cam a22002291 4500
001 sa 65004915
003 DLC
005 20260227112134.0
008 881102s1965 xx 000 0 hino
010 _asa 65004915
035 _a(OCoLC)23541536
040 _aDLC
_cMiU
_dNRU
_dDLC
042 _apremarc
050 0 0 _aPK2031
_b.R39
100 1 _aRāya, Siṃhāsana.
245 1 0 _aHindī-sāhitya kā itihāsa.
250 _a[1. saṃskaraṇa]
260 _aKalakattā,
_bĀdarśa Pustaka Bhanḍāra
_c[1965]
300 _a4, 235 p.
_c23 cm.
500 _aIn Hindi.
650 0 _aHindi literature
_xHistory and criticism.
999 _c64014
_d64014